Normal view
MARC view
Entry Personal Name
001 - CONTROL NUMBER
- control field: 75267
003 - CONTROL NUMBER IDENTIFIER
- control field: dpl
005 - DATE AND TIME OF LATEST TRANSACTION
- control field: 20241217142218.0
008 - FIXED-LENGTH DATA ELEMENTS
- fixed length control field: 241217|| aca||aabn | a|a d
040 ## - CATALOGING SOURCE
- Original cataloging agency: dpl
- Transcribing agency: dpl
100 ## - HEADING--PERSONAL NAME
- Personal name: Chayanika Singh
670 ## - SOURCE DATA FOUND
- Source citation: Work cat.: (dpl)207758: Chayanika Singh, How Your Personality Makes or Breaks Your Child;, 2023
